Javari : expedice do světa, o kterém jsme si mysleli, že dávno neexistuje /
Uloženo v:
| Hlavní autor: | |
|---|---|
| Další autoři: | |
| Médium: | Kniha |
| Jazyk: | Czech |
| Vydáno: |
Brno :
Jota,
2026
|
| Vydání: | Vydání první |
| Témata: | |
| Celkem bylo vypůjčeno: | 0x |
| Tagy: |
Žádné tagy |
| LEADER | 02205nam a2200565 i 4500 | ||
|---|---|---|---|
| 001 | 106205 | ||
| 003 | CZ PrSKC | ||
| 005 | 20260428103109.0 | ||
| 007 | ta | ||
| 008 | 260416s2026 xr ac e 000 0 cze d | ||
| 020 | |a 9788076897748 |q (vázáno) : |c Kč 598.00 | ||
| 040 | |a KLG001 |b cze |e rda | ||
| 072 | 7 | |a 913(8) |x Geografie Jižní Ameriky, reálie, cestování |2 Konspekt |9 7 | |
| 072 | 7 | |a 929 |x Biografie |2 Konspekt |9 8 | |
| 080 | |a 910.4-051 |2 MRF | ||
| 080 | |a 913:910.4 |2 MRF | ||
| 080 | |a 910.4:338.48-51 |2 MRF | ||
| 080 | |a (=87) |2 MRF | ||
| 080 | |a (=081) |2 MRF | ||
| 080 | |a 929 |2 MRF | ||
| 080 | |a (437.3) |2 MRF | ||
| 080 | |a (8-191.2) |2 MRF | ||
| 080 | |a (0:82-992) |2 MRF | ||
| 080 | |a (0:82-94) |2 MRF | ||
| 100 | 1 | |a Haluza, Miroslav, |d 1975- |4 aut | |
| 245 | 1 | 0 | |a Javari : |b expedice do světa, o kterém jsme si mysleli, že dávno neexistuje / |c Miroslav Haluza ; ilustrace Nikkarin |
| 250 | |a Vydání první | ||
| 264 | 1 | |a Brno : |b Jota, |c 2026 | |
| 300 | |a 259 stran : |b barevné ilustrace, portréty ; |c 21 cm | ||
| 336 | |a text |b txt |2 rdacontent | ||
| 337 | |a bez média |b n |2 rdamedia | ||
| 338 | |a svazek |b nc |2 rdacarrier | ||
| 500 | |a Fotografie Miroslav Haluza | ||
| 600 | 1 | 4 | |a Haluza, Miroslav, |d 1975- |
| 648 | 7 | |a 2021-2030 |7 ch1094457 |2 czenas | |
| 648 | 7 | |a 20.-21. století |7 ch462155 |2 czenas |9 53009 | |
| 650 | 0 | 7 | |a cestovatelé |7 ph119109 |y 20.-21. století |z Česko |2 czenas |
| 650 | 0 | 7 | |a cesty a pobyt |7 ph137578 |y 2021-2030 |z Jižní Amerika |2 czenas |
| 650 | 0 | 7 | |a dobrodružné cesty |7 ph137744 |z Jižní Amerika |2 czenas |
| 650 | 0 | 7 | |a Indiáni Jižní Ameriky |7 ph121354 |2 czenas |
| 650 | 0 | 7 | |a přírodní národy |7 ph124933 |z Jižní Amerika |2 czenas |
| 651 | 7 | |a Amazonka (řeka : oblast) |7 ge134016 |2 czenas |9 58704 | |
| 655 | 7 | |a cestopisy |7 fd131956 |2 czenas |9 53521 | |
| 655 | 7 | |a autobiografické vzpomínky |7 fd131854 |2 czenas |9 53458 | |
| 700 | 0 | |a Nikkarin, |d 1987- |7 mzk2009517777 |4 ill |9 14619 | |
| 710 | 2 | |a Nakladatelství Jota |7 kn20120920011 |4 pbl |9 117217 | |
| 910 | |a UOG502 | ||
| 942 | |2 ddc |c KN | ||
| 999 | |d 106205 | ||
| 993 | |0 0 |1 421180106931 |2 ddc |4 0 |6 91_000000000000000 |7 0 |9 99548 |b 0 |c 106931 |d 2026-04-28 |e 0 |f DOSP |g 91 |h 598.00 |i Koupě |l DOSP |r 2026-04-28 |t 5 |w 2026-04-28 |y KN |z NAUCNA |n | ||